| 000 | 01865nam a22002777a 4500 | ||
|---|---|---|---|
| 003 | DO-SdBNP | ||
| 005 | 20210921130839.0 | ||
| 008 | 2021 dr |||| 00| 0 spa d | ||
| 020 | _a9789945586961 | ||
| 040 |
_aBPMSU _bSpa _cBPMSU |
||
| 082 |
_a972.93054 _bV872r 2020 _222 |
||
| 245 | 0 | 0 |
_aVoces de la Revolución de Abril de 1965 : _btestimonios _c |
| 260 |
_aSanto Domingo : _bArchivo General de la Nación, _c2020 |
||
| 300 |
_a585 p. ; _c25 cm. |
||
| 490 | 0 |
_aArchivo General de la Naciónj, _v300 |
|
| 500 | _aIncluye referencias bibliográficas y notas al pie de las páginas | ||
| 502 | _a | ||
| 504 | _aIncluyes datos Bibliografía 571p. - 586 p. | ||
| 505 | 0 | _aPresentación, Aquiles Castro 9 -- La conspiración: inicio del movimiento constitucionalista 17 -- Estalla la revolución: primeras horas, primeros días 43 -- Cadetes de la Academia Batalla de Las Carreras y SPM 151 -- Batalla en el puente Duarte 171 -- Intervención de los Estados Unidos y ocupación 207 -- 26 de abril, asalto a la fortaleza Ozama 225 -- Los comandos 233 -- Combates en la zona norte y Operación Limpieza 289 -- Intelectuales y artistas 311 -- Intento de asalto al Palacio Nacional, 19 de mayo 323 -- Combates del 15 y 16 de junio 349 -- El protagonismo de la mujer 373 -- Vida cotidiana 407 -- Partidos políticos: PRD, PRSC, 1J4, MPD, PSP, PR 467 -- Intentos por extender la insurgencia al interior 487 -- Gestión diplomática, asesoría y negociaciones 519 -- Final de la guerra 539 -- Ataque al hotel Matum 559 -- Índice onomástico | |
| 590 | _6Inventariado, 2021/VM | ||
| 651 | 4 |
_a República Dominicana _xHistoria _yOcupación norteamericana, 1965-1966 | |
|
| 651 | 4 |
_a República Dominicana _xHistoria _yGuerra civil, 1965 |
|
| 710 | 2 | _aArchivo General de la Nación (República Dominicana) | |
| 910 | _aMcabrera/ VMateo V. | ||
| 942 |
_2ddc _cBK |
||
| 999 |
_c13620 _d13620 |
||